Osnovnyje tipy ukrainskich magazinov v uslovijach tranzitivnoj ekonomiky

Charakteristika a definovanie pätnásť najviac frekventovaných typov predajní maloobchodu na Ukrajine. Preprofilovanie veľkej časti pôvodných typov predajní na moderné typy s parametrami, ktorú sú vlastné európskym trhom.

Salvato in:
Dettagli Bibliografici
Autore principale: Reshetnikova, Iryna L.
Natura: Capitolo di libro
Lingua:russo
Soggetti:
Tags: Aggiungi Tag
Nessun Tag, puoi essere il primo ad aggiungerne!!

MARC

LEADER 00000naa$a2200000$$$4500
001 0039644
005 20221207085642.8
041 0 |a rus 
044 |a SK 
245 1 0 |a Osnovnyje tipy ukrainskich magazinov v uslovijach tranzitivnoj ekonomiky  |c Irina L. Reshetnikova 
520 |a Charakteristika a definovanie pätnásť najviac frekventovaných typov predajní maloobchodu na Ukrajine. Preprofilovanie veľkej časti pôvodných typov predajní na moderné typy s parametrami, ktorú sú vlastné európskym trhom. 
610 2 0 |a maloobchod 
610 2 0 |a maloobchod špecializovaný 
610 2 0 |a predajne 
610 2 0 |a typológia 
610 2 0 |a definície 
610 2 0 |a Ukrajina 
100 1 |a Reshetnikova, Iryna L.